| 000 | 00665cam a22002414a 4500 | ||
|---|---|---|---|
| 999 |
_c124677 _d124677 |
||
| 001 | 14387493 | ||
| 005 | 20211113125948.0 | ||
| 008 | 060523s2007 paua b 001 0 eng | ||
| 020 | _a1416029737 | ||
| 020 | _a9781416029731 | ||
| 022 | _a9788131249048 | ||
| 040 | _cPK-LaUMT | ||
| 082 | 0 | 0 |
_a616.07 _222 _bROB- |
| 245 | 0 | 0 |
_aRobbins basic pathology / _c[edited by] Vinay Kumar ... [et al.]. |
| 250 | _afirst South Asia edition | ||
| 260 |
_aHaryana : _bElsevier, _c2017 |
||
| 300 |
_a935 p. : _bill. (chiefly col.) ; _c29 cm. |
||
| 650 | 0 | _aPathology. | |
| 650 | 1 | 2 | _aPathology. |
| 700 | 1 | _aKumar, Vinay, | |
| 700 | 1 | _aRobbins, Stanley L. | |
| 942 | _cBK | ||